[Event "WchT 11th"]
[Site "Khanty-Mansiysk"]
[Date "2017.06.21"]
[Round "5.1"]
[White "Ponomariov, Ruslan"]
[Black "Wojtaszek, Radoslaw"]
[Result "0-1"]
[WhiteElo "2712"]
[BlackElo "2730"]
[Annotator "Mekhitarian,K"]
[PlyCount "90"]
[EventDate "2017.06.17"]
[EventType "team-tourn"]
[EventRounds "9"]
[EventCountry "RUS"]
[SourceTitle "CBM 179"]
[Source "ChessBase"]
[SourceDate "2017.07.12"]
[SourceVersion "1"]
[SourceVersionDate "2017.07.12"]
[SourceQuality "1"]
[WhiteTeam "Ukraine"]
[BlackTeam "Poland"]
[WhiteTeamCountry "UKR"]
[BlackTeamCountry "POL"]

1. e4 c5 2. Nf3 d6 3. d4 cxd4 4. Nxd4 Nf6 5. Nc3 a6 6. Be3 Ng4 7. Bc1 Nf6 {
One of the most famous 'draw' offers in chess. One can not blame black to be
happy with a draw in a team tournament. Let the white pieces do their job! :-)}
8. f3 $1 {and so it is!} e6 9. Be3 b5 {This is the Scheveningen-style English
Attack of the Najdorf Sicilian. Black makes a lot of pawn moves to start some
action before developing the king-side. A very modern approach, that was tried
numerous times by the one and only Garry Kasparov in the 2000's. Going deeper,
I found that the first time where black tried something similar, was in 1979
by Wachinger (?) and later I found a stronger game, played by Yuri Razuvaev,
in 1987.} (9... Be7 10. Qd2 b5 11. g4 Bb7 12. O-O-O b4 13. Nce2 d5 $2 {this is
simply wrong, but kudos to Wachinger for trying something new :-). Before this,
black always tried to develop the king-side and castle quickly, allowing a
straightforward attack by white.} 14. g5 Nfd7 15. exd5 $5 (15. Nf4 $1 {a
well-known idea nowadays, preparing to destroy the vulnerable e6 square.} dxe4
$2 16. Ndxe6 $1 fxe6 17. Nxe6 $18 {and white has a demolishing attack after
Nxg7+ and Nf5}) 15... Bxd5 16. Kb1 Ne5 17. Nf4 Nxf3 $2 18. Qf2 $1 Nxd4 19. Nxd5
exd5 20. Bxd4 O-O 21. Bd3 Nc6 22. Bxh7+ $1 Kxh7 23. Qh4+ Kg8 24. Bxg7 {a nice
finish. White has mate in few moves with Qh6+ and g6 if black takes. Thus
Wachinger resigned. 1-0 (22) Teufel,J (2350)-Wachinger,G Passau 1979}) 10. Qd2
Nbd7 11. g4 h6 {slowing down white's attack, this move is very important.} (
11... Nb6 $6 {was played by Kasparov, but is considered to be bad nowadays} 12.
a4 $1 Nc4 13. Bxc4 bxc4 14. g5 Nd7 15. f4 Bb7 16. f5 Nc5 17. fxe6 fxe6 18. Qg2
$1 g6 19. Rf1 Bg7 20. O-O-O Qd7 21. Qg4 O-O-O 22. Ndb5 $1 $16 {and black is in
big trouble: 1-0 (44) Stukopin,A (2500)-Artemiev,V (2499) Loo 2013}) 12. a3 $5
{I like this idea} (12. O-O-O {is the most common.} b4 $1 {is the critical
move. Black wants to play d5 as fast as possible, before white has time to
play h4 and g5.} (12... Ne5 {was seen in 1987, played by the notable Soviet
player Yuri Razuvaev.} 13. Bd3 Qc7 14. Rhe1 b4 15. Nce2 Nxd3+ 16. Qxd3 Nd7 $5
$13 {1/2-1/2 (31) Ostojic,P (2385)-Razuvaev,Y (2490) Berlin West 1987}) 13.
Nce2 Qc7 $1 {preparing d5 next} (13... d5 $6 14. exd5 Nxd5 15. Nf4 $1 {white
gives away his strong bishop, in exchange for a dangerous piece activity
towards e6 and the black king. Nxe3 already loses, for example} Nxe3 $2 16.
Qxe3 $18 {and there is no good way to deal with the sacrifice on e6 (not to
mention moves like Bc4 and Qe4)}) 14. h4 d5 $13 {dozens of games have been
played here, and black has been able to control white's scary initiative.})
12... Bb7 13. O-O-O Rc8 (13... d5 $6 {now is well met by:} 14. exd5 Nxd5 15.
Nxd5 Bxd5 16. Bg2 $1 $36 {followed by f4 and black doesn't have time to
stabilize the center} Nb6 17. Nf5 $1 Nc4 18. Qe2 $16 {and black is in trouble,
a simple move like f4 is very strong}) 14. Kb1 $5 {I never took this move
seriously, but Ponomariov showed it has to be investigated in future games.} (
14. h4 {I thought this was the only critical move} d5 15. Rg1 $1 dxe4 (15... e5
$2 {is already bad} 16. g5 $1 exd4 17. Bxd4 hxg5 18. hxg5 Nh5 19. Bh3 $40 {
with a devastating attack!}) 16. g5 hxg5 17. hxg5 Nd5 18. Nxe4 g6 {was a game
I played back in 2013} 19. Bf2 (19. Kb1 $5 b4 20. axb4 Bxb4 21. c3 Nxe3 22.
Qxe3 Bxe4+ 23. Qxe4 Bxc3 24. Nxe6 $1 $40 {ended in a draw after a wild game,
but white is doing well here!: 1/2-1/2 (59) Robson,R (2668)-Zherebukh,Y (2605)
Saint Louis 2017}) 19... b4 20. axb4 Nxb4 $2 (20... Bxb4 $1 $13) 21. Nxe6 $1
Bxe4 22. Nxd8 Rxc2+ 23. Qxc2 Bxc2 24. Nxf7 $1 Rh2 25. Rd2 $18 {1-0 (30)
Mekhitarian,K (2544)-Ashwin,J (2472) Varna 2013}) 14... d5 $1 15. exd5 Nxd5 16.
Nxd5 Bxd5 17. Be2 (17. Bg2 {now this is not very effective} Nb6 $1 {quickly
reaching the strong c4 outpost} 18. Nf5 Nc4 19. Qe2 Nxb2 $1 $40) 17... Bc5 18.
Rhg1 O-O {black places his king in a dangerous spot, but in the other hand,
gets ready for a queen-side assault - in these kind of positions, he has to
create something fast, otherwise white slowly gets there on the king-side.} 19.
h4 {visually black is entirely fine, but it is not that simple. the white
pawns may get there soon!} (19. g5 $5 {was possible, and similar to the game}
h5 (19... hxg5 {looks very dangerous} 20. Bxg5 $40) 20. g6 f5 $1 {And I have
no idea what is going on}) 19... Ne5 20. f4 Nc4 (20... Bxd4 $5 21. Bxd4 (21.
Qxd4 Nf3 22. Bxf3 Bxf3 {probably heading towards an equal endgame}) 21... Nf3
22. Bxf3 Bxf3 23. Rde1 Rc4 24. c3 Qxh4 $13 {white may try different moves here,
like f5, g5, Re5, with an interesting attack}) 21. Bxc4 bxc4 22. g5 (22. h5 $5
{would be the ideal attacking setup, but black will do something before g5} Rb8
$1 (22... Qb6 23. Qc3 $1) 23. Qc3 Qd6 24. Ka1 (24. g5 $2 Bxa3 25. Bc1 Rxb2+ $1
{initiative is the key} 26. Bxb2 Rb8 27. Nb3 Bxb2 28. Qxc4 $1 Ba3 $17 {and
black has clearly the better chances}) 24... a5 $1 {threatening Bb4} 25. Bc1 $1
(25. g5 $2 Bb4 $1 26. axb4 axb4 27. Qd2 Qa6+ 28. Kb1 Ra8 $19) 25... Bb4 26. Qe3
c3 27. g5 Rfc8 $13 {with a crazy position!}) 22... h5 {a typical reaction to
delay white's attack} 23. g6 Qxh4 {brave!} (23... f5 $2 {fails now} 24. Qe2 $1
$18 {and black will get mated soon}) (23... Qf6 $5 24. gxf7+ Rxf7 {with a
complex position}) 24. f5 $1 Qh3 $2 (24... Qe4 $1 {was the right square} 25.
Rde1 $13 (25. gxf7+ Rxf7 26. fxe6 $2 Bxe6 $17 {and now the queen can't be
chased, as in the game (26...Bxe6 27.Rh1)})) 25. gxf7+ Rxf7 26. fxe6 Rb7 $2 (
26... Bxe6 {probably Wojtaszek dismissed this because of 27.Rh1, but there was
still play then:} 27. Rh1 Qg3 {keeping an eye on e3} 28. Rxh5 $40 (28. Rdg1 c3
$1 29. Qxc3 Bxd4 {when black is surviving})) 27. Rg5 $1 {now white is winning}
Bxd4 (27... Be4 28. Qc3 $18 {followed by Rdg1 with a tremendous attack, and
somewow black can not create anymore counterplay}) 28. Qxd4 Bxe6 29. Rdg1 Rcc7
30. R5g3 $2 {one bad move and it all goes away! How cruel is chess?} (30. Bd2
$1 {adding a new attacker to g7 was decisive - and at the same time,
safeguarding the king forever, since the black rooks become useless after the
white bishop reaches c3.} Bg4 {this will be forced sooner or later} 31. Bc3 Rf7
32. Ka2 $18 {followed by Re1 or moves like Qd5 and black won't be able to hold
it}) 30... Qf5 31. Bh6 Qf8 $1 {now black had time to bring the queen back to
defense and also has an eye on the queen-side. Suddenly the position is
complicated again} 32. Rg6 $1 c3 33. b4 {White stops the attack for now, but
this is not stable at all} Bg4 {closing the file, but allowing something on
the a2-g8 diagonal} 34. Bf4 $6 (34. Qd5+ $1 {was the only way to keep the
initiative} Kh7 35. R6xg4 hxg4 36. Bc1 {threatening Rh1} Rf7 $1 {forced} 37.
Rh1+ Kg8 38. Qe4 g6 $16 {and now both Qxg4 and Qxg6+ are appealing, white has
a good attacking potential}) 34... Rf7 35. Bc1 $2 (35. Qc4 $1 {a hard move to
find, pinning the rook and preparing Be5 (without allowing Rf1+)} a5 36. Be5 {
when the position still remains unclear}) 35... a5 $1 {after some defensive
moves, black has once again time to attack, and grabs the initiative until the
end of the game. Ponomariov starts to feel the trouble, with his unsafe king.}
36. Rd6 {cutting the f8-queen, and also threatening Rd8} Rb8 $1 37. Qd5 Kh7 $19
{black has a pawn up and a decisive attack now} 38. Ka1 axb4 39. a4 Ra7 40. Kb1
b3 $1 41. cxb3 Rxb3+ 42. Kc2 (42. Qxb3 Qxd6 $19 {and black is simply two pawns
up with a winning attack}) 42... Rb8 43. Be3 Bf5+ 44. Kxc3 Rc7+ 45. Bc5 Rbc8 {
A dramatic win for Wojtaszek, in a rollercoaster game. Poland scores a major
3-1 victory against Ukraine and now is tied for 2nd-3rd place with China,
right behind Russia, after 5 rounds!} 0-1

[Event "Czerniak Memorial 13th"]
[Site "Tel Aviv"]
[Date "1997.??.??"]
[Round "10"]
[White "Rotstein, Arkadij"]
[Black "Gofshtein, Leonid D"]
[Result "1-0"]
[WhiteElo "2455"]
[BlackElo "2530"]
[Annotator "Meulders,R"]
[PlyCount "77"]
[EventDate "1997.04.04"]
[EventType "tourn"]
[EventRounds "11"]
[EventCountry "ISR"]
[EventCategory "10"]
[SourceTitle "CBM 059"]
[Source "ChessBase"]
[SourceDate "1997.08.01"]
[SourceVersion "1"]
[SourceVersionDate "1997.08.01"]
[SourceQuality "1"]

1. e4 c5 2. Nf3 Nc6 3. Nc3 e6 4. d4 cxd4 5. Nxd4 Qc7 6. g3 a6 7. Bg2 d6 8. O-O
Be7 9. Be3 Nf6 10. a4 (10. Nb3) 10... Na5 11. Qe2 O-O 12. Rad1 Re8 13. h3 g6
14. Kh2 e5 15. Nf3 Be6 16. Nd5 Nxd5 17. exd5 Bf5 18. c3 Rac8 19. Nd2 Bd7 20.
Ra1 f5 $15 21. f4 Bf6 22. Qf2 Nc4 23. Nxc4 Qxc4 24. a5 exf4 25. gxf4 Re7 26.
Rfe1 Rce8 27. Bf3 $4 (27. Rad1 $17) 27... Bh4 $4 (27... Rxe3 $1 28. Rxe3 Qxf4+
$19) 28. Qxh4 Rxe3 29. Rxe3 Rxe3 30. Bg2 Kg7 $15 {Auf Grund seiner besseren
Bauernstruktur steht Schwarz noch immer leicht besser; sein K ist aber
potentiell gefährdet.} (30... Qc8 31. Qf6 Qf8 32. Qxf8+ Kxf8 $15) 31. Rf1 Bb5
32. Rf2 Qc7 33. Rf3 Re2 34. b4 Qc4 $6 {Sieht wie ein typischer Zeitnotzug aus}
(34... Bc4 35. Rf2 Qe7 36. Qxe7+ Rxe7 37. Rc2 Re3 $15) 35. Qg3 Qa2 $2 (35...
Qxd5 36. Re3 Qd2 $19) 36. Re3 Rd2 $2 {Bei offener Königsstellung verschenkt
Schwarz dem Gegner die siebente Reihe. Das soltte prinzipiell nicht gut sein.}
(36... Qd2 37. Rxe2 Qxe2 38. Qg5 Bc4 39. Kg1 $17) 37. Qg5 $18 Kg8 $4 (37...
Qxd5 $1 38. Kh1 (38. Re7+ Kg8 $8 39. Kh1 Qxg2+ 40. Qxg2 Bc6 41. Qxc6 bxc6 42.
Rc7 c5 43. bxc5 dxc5 44. Rxc5 $11) 38... Rd1+ 39. Kh2 Rd2 $11) 38. Qd8+ Kg7 39.
Re7+ (39. Re7+ Kh6 40. Qf8+ Kh5 41. Rxh7#) 1-0

[Event "Ciocaltea Memorial"]
[Site "Bucharest"]
[Date "1998.??.??"]
[Round "11"]
[White "Milu, Romeo Sorin"]
[Black "Vajda, Levente"]
[Result "0-1"]
[WhiteElo "2395"]
[BlackElo "2440"]
[Annotator "Milu,R"]
[PlyCount "122"]
[EventDate "1998.02.??"]
[EventType "tourn"]
[EventRounds "13"]
[EventCountry "ROU"]
[EventCategory "11"]
[SourceTitle "CBM 064"]
[Source "ChessBase"]
[SourceDate "1998.06.02"]
[SourceVersion "1"]
[SourceVersionDate "1998.06.02"]
[SourceQuality "1"]

1. e4 {Petursson} c5 2. Nc3 e6 3. Nf3 d6 4. d4 cxd4 5. Nxd4 a6 6. Be3 Nf6 7.
Qd2 Be7 8. f3 O-O 9. g4 b5 10. O-O-O Bb7 11. Kb1 Nfd7 12. h4 Ne5 13. Qg2 $6 (
13. Bd3 $142) 13... Nbc6 14. g5 (14. Nxc6 $142) 14... Nxd4 15. Bxd4 Qc7 16. h5
$6 (16. Bd3) 16... b4 17. Na4 Rac8 $5 (17... Bc6 18. Nb6 Rab8 19. f4 $13) 18.
Bd3 (18. Nb6 Nxf3 $1 19. Nxc8 Rxc8 $44) 18... Nxd3 19. cxd3 e5 20. Be3 d5 21.
Rc1 Qa5 22. b3 Qb5 23. Rcd1 $5 Rc6 24. Qh2 f6 25. g6 h6 26. Qd2 Rfc8 27. Rc1
Bf8 28. Rxc6 Rxc6 29. Rc1 d4 30. Bf2 Rc3 $1 $15 31. Nxc3 bxc3 32. Qe2 {(+)} Ba3
33. Rd1 Qc5 34. Qc2 Qb4 35. Bg3 Bc8 36. f4 exf4 37. Bxf4 Qb5 38. Rh1 Be6 39.
Bc1 Bd6 40. Ka1 a5 41. Qd1 Qc6 42. Qc2 Qc5 43. Rh4 Qb5 44. Qd1 Qc6 45. Qc2 Qc5
46. Kb1 Be7 47. Rh1 Bg4 48. Qg2 $1 Be6 49. Qc2 Qb5 50. Ka1 Bg4 51. Qg2 $1 Bc8
52. Qc2 Ba6 53. Rh3 Bd6 $2 54. Qd1 $2 $11 (54. b4 $3 $16 a4 (54... axb4 55.
Qb3+ Kh8 56. Qf7) (54... Qxb4 55. a3) 55. a3 {/\Qa2}) 54... Bc8 55. Rh4 Qc6 56.
Kb1 Be6 57. Qc2 Bb4 58. Qh2 Bf8 59. Qc2 Bd6 60. Qd1 $4 (60. Ka1 $11 Bg3 61. Rh1
f5 $6 62. Rf1 $1 fxe4 63. Ba3 Bd6 64. Bxd6 Qxd6 65. dxe4 $16) 60... a4 $1 $19
61. bxa4 (61. b4 {Petursson} Bxb4 $17) 61... Bxa2+ ({[%tqu "En","How do you
force White to resign?","Use his white square weakness!","Sacrifice your
bishop!","e6a2","",20]} 61... Bxa2+ $1 {Petursson WHITE RESIGNED because of}
62. Kxa2 c2 63. Qg4 Qxa4+ 64. Kb2 Ba3+ 65. Ka2 Bxc1#) 0-1

[Event "Karlsbad Czech Coal"]
[Site "Karlovy Vary"]
[Date "2007.09.09"]
[Round "2"]
[White "Movsesian, Sergei"]
[Black "Kortschnoj, Viktor Lvovich"]
[Result "1-0"]
[WhiteElo "2667"]
[BlackElo "2610"]
[Annotator "Movsesian,S"]
[PlyCount "63"]
[EventDate "2007.09.08"]
[EventType "tourn"]
[EventRounds "7"]
[EventCountry "CZE"]
[EventCategory "17"]
[SourceTitle "CBM 120"]
[Source "ChessBase"]
[SourceDate "2007.10.02"]
[SourceVersion "1"]
[SourceVersionDate "2007.10.02"]
[SourceQuality "1"]

1. e4 c5 2. Nf3 e6 3. d4 cxd4 4. Nxd4 Nc6 5. Nc3 d6 6. Be3 Nf6 7. f3 Be7 8. Qd2
O-O 9. g4 d5 10. g5 Nxd4 11. Qxd4 Nh5 12. Rg1 $5 {This is not a very usual
continuation here, but I wanted to surprise my experienced opponent.} ({
White's latest efforts are connected with} 12. O-O-O Bxg5 13. Kb1 $5 ({White
got nothing after} 13. exd5 exd5 14. Rg1 Bxe3+ 15. Qxe3 Nf6 16. Qg5 g6 $11 {
Inarkiev-Kharlov, Russia (tch) 2004}) 13... Kh8 (13... Bf6 $2 14. e5 Bg5 15. f4
Bh6 16. Be2 Qh4 17. Bf2 Qh3 18. Rdg1 f5 19. Bg3 Bd7 20. Nd1 $18 {Fressinet-A.
Sokolov, Bundesliga 06/07}) 14. Rg1 Bxe3 15. Qxe3 Qf6 16. exd5 Nf4 $13 {
Tkachiev-Bauer, Aix-les-Bains 2007}) 12... b6 $6 (12... dxe4 13. Qxe4 g6 $1 (
13... Bd7 14. O-O-O Qc7 15. Bb5 $14) 14. Bd3 Bd7 15. O-O-O Qc7 16. h4 (16. Bb5
Bc6 17. Bxc6 bxc6 18. Ne2 Rfd8 19. Bd4 Rd5 20. h4 Rad8 $13 {Movsesian-Jansa,
Czech (tch) 02/03}) 16... Bc6 17. Qg4 Rfd8 18. Be4 a6 19. Bxc6 Qxc6 20. Qe4 Qc7
$11 {Wang Hao-Timofeev, Taiyuan 2006}) 13. O-O-O Bc5 14. Qd2 Bxe3 15. Qxe3 Bb7
16. exd5 exd5 17. f4 Qc7 18. Rd4 g6 19. Bg2 Ng7 20. Rxd5 $1 {The best piece to
take on d5.} (20. Nxd5 Bxd5 21. Rxd5 Rfe8 $44) 20... Rae8 21. Re5 Nf5 22. Qe1
Rxe5 23. fxe5 Bxg2 24. Rxg2 Re8 25. Re2 Kg7 26. a3 $5 {White is not hurrying
to force things, I wanted to improve my king's position first.} Qc5 27. Re4 Re6
28. Kb1 a6 29. h4 b5 30. Na2 {Heading to d3.} Nd4 $4 31. Qf2 Nb3 32. Re3 $1 (
32. Re3 Nd4 (32... Na5 33. b4) 33. Rd3 Nb3 34. Qf6+ $1) 1-0

[Event "RUS-ch Superfinal"]
[Site "Moscow"]
[Date "2006.12.04"]
[Round "2"]
[White "Alekseev, Evgeny V"]
[Black "Najer, Evgeniy"]
[Result "1-0"]
[WhiteElo "2639"]
[BlackElo "2648"]
[Annotator "Mueller,Karsten"]
[PlyCount "149"]
[EventDate "2006.12.03"]
[EventType "tourn"]
[EventRounds "11"]
[EventCountry "RUS"]
[EventCategory "15"]
[SourceTitle "CBM 116"]
[Source "ChessBase"]
[SourceDate "2007.02.01"]
[SourceVersion "1"]
[SourceVersionDate "2007.02.01"]
[SourceQuality "1"]

1. e4 c5 2. Nf3 d6 3. d4 cxd4 4. Nxd4 Nf6 5. Nc3 a6 6. g3 e6 7. Bg2 Bd7 8. g4
h6 9. h4 g6 10. g5 hxg5 11. Bxg5 Be7 12. Qd2 Nc6 13. O-O-O Qb6 14. Nxc6 Bxc6
15. Rhe1 Ng8 16. Bxe7 Nxe7 17. Qf4 Rd8 18. Qf6 Rh5 19. Rd2 Kf8 20. Bf3 Ng8 21.
Qf4 Rh6 22. h5 Qc5 23. Rg1 Ke7 24. Rg5 e5 25. Qg3 Nf6 26. hxg6 Rxg6 27. Rxg6
fxg6 28. Qxg6 Rg8 29. Qh6 Rg1+ 30. Bd1 Rg2 31. Qh4 b5 32. Bf3 Rg1+ 33. Rd1
Rxd1+ 34. Nxd1 Qc4 35. Ne3 Qxa2 36. Nf5+ Ke6 37. Qh3 Qa1+ 38. Kd2 Nxe4+ $2 {
After this White gets a winning attack with the (in)famous queen and knight
duo. Danach erhält Weiß gewinnbringenden Angriff mit dem berühmt berüchtigten
Dame/Springer Duo.} (38... Bxe4 $3 39. Nd4+ Kd5 40. Qe6+ Kxd4 41. Qxf6 Bxf3 42.
Qxd6+ Bd5 43. c3+ Ke4 44. Qg6+ Kf4 45. Qf6+ Kg4 46. Qg6+ Kf4 $11) 39. Bxe4 Bxe4
40. Ne3+ $1 $18 Kf7 41. Qd7+ Kf8 42. Qxd6+ Kf7 43. Ng4 Qg1 (43... Qxb2 44.
Nxe5+ Kg8 45. Qd8+ Kg7 46. Qe7+ Kg8 47. Qe6+ Kg7 48. Qf7+ Kh8 49. Qf6+ Kg8 50.
Qg5+ Kf8 (50... Kh8 51. Qh4+ Kg7 (51... Bh7 52. Qf6+ Kg8 53. Qf7+ Kh8 54. Qf8+)
52. Qxe4 $18) 51. Qf4+ $18) 44. Qf6+ Kg8 45. Qg5+ Kf8 46. Qh6+ $6 (46. Qf6+ $5
Kg8 47. Nh6+ Kh7 48. Nf7 $18) 46... Kf7 47. Nxe5+ Kg8 48. Qe6+ Kg7 49. Qf7+ Kh8
50. Qf4 Qg2 51. b4 Bd5 52. Ke3 Kg7 53. Qg4+ Qxg4 54. Nxg4 Be6 55. Kf4 Kg6 56.
Ne3 Kf6 57. Ke4 Bf7 58. Kd4 Ke6 59. Kc5 Ke5 60. Kb6 Be8 61. Kxa6 Ke4 62. Kb6
Kd4 63. Ka5 Bd7 64. Kb6 Be8 65. Nf5+ Ke5 66. Ne7 Kd4 67. f4 Kc4 68. Nc6 Kd5 69.
Ne5 Kd4 (69... Ke4 70. Kc5 Kxf4 71. Nc6 Bg6 72. Nd4 $18) 70. c3+ Kd5 (70...
Kxc3 71. Kc5 Kd2 72. f5 Ke3 73. f6 $18) 71. Nf3 Ke4 72. Nd4 Kxf4 73. Nxb5 Ke3
74. Nd6 Ba4 75. Kc5 1-0

[Event "Rostock GM"]
[Site "Rostock"]
[Date "2002.08.27"]
[Round "3"]
[White "Paehtz, Elisabeth"]
[Black "Nemet, Ivan"]
[Result "1/2-1/2"]
[WhiteElo "2331"]
[BlackElo "2439"]
[Annotator "Mueller,Karsten"]
[PlyCount "53"]
[EventDate "2002.08.25"]
[EventType "tourn"]
[EventRounds "9"]
[EventCountry "GER"]
[EventCategory "8"]
[SourceTitle "CBM 091"]
[Source "ChessBase"]
[SourceDate "2002.11.12"]
[SourceVersion "1"]
[SourceVersionDate "2002.11.12"]
[SourceQuality "1"]

1. e4 c5 2. Nf3 d6 3. d4 cxd4 4. Nxd4 Nf6 5. f3 e6 6. Nc3 Be7 7. Be3 a6 8. Qd2
b5 (8... Nc6 9. O-O-O O-O 10. g4 Nxd4 11. Qxd4 Nd7 (11... b5 12. g5 Nd7 13. h4
Rb8 14. Qd2 Bb7 15. h5 Ne5 16. f4 b4 17. Nd5 exd5 18. fxe5 Qa5 $13 {1-0 Magem
Badals,J-Ricardi,P/Buenos Aires 1996/CBM 53 (25)}) 12. h4 Ne5 13. Be2 b5 14.
Kb1 Bb7 15. g5 Rc8 16. h5 Nc6 17. Qd2 Qa5 18. Bd3 b4 19. Ne2 Ne5 20. Nd4 d5 $13
{1-0 Magem Badals,J-Kalesis,N/Berga op 1995/EXT 95op/[Marin] (68). (67)}) 9. g4
b4 $6 (9... Bb7 10. h4 Nfd7 11. g5 Nb6 12. O-O-O N8d7 13. Bh3 (13. h5 $5) 13...
Nc4 14. Qe2 Nxe3 15. Qxe3 Nc5 $2 (15... b4 $142 16. Nce2 Qa5) 16. e5 $6 (16. b4
$1 {e.g. z.B.} Nd7 (16... Na4 17. Nxa4 bxa4 18. Bxe6 O-O 19. Qc3 $40) 17. Bxe6
fxe6 18. Nxe6 Qb8 19. Nxg7+ Kf7 20. Nf5 $40) 16... d5 17. Nce2 Rc8 18. Nf4 Qc7
$13 {1-0 Kaza,P-Adontaki,E/GRE 2001/CBM 85 ext (32). (31)}) (9... Nfd7 10.
O-O-O b4 (10... Bb7 11. h4 Nc5 12. g5 Nbd7 13. Kb1 Nb6 14. Bd3 Rc8 15. h5 b4
16. Nce2 d5 17. Nb3 Nxb3 18. cxb3 dxe4 19. fxe4 O-O $2 (19... Nd7 $142) 20. g6
Bf6 (20... h6 21. Bxh6 $40) 21. Qxb4 {1-0 Sakelsek,T-Ciglic,B/Dobrna SLO 2002/
The Week in Chess 405 (21)}) 11. Nce2 Qa5 12. a3 d5 $13 {1-0 Najer,E-Kouvatsou,
M/ECC, Panormo GRE 2001 (29)}) (9... h6 $6 10. Rg1 (10. O-O-O Nbd7 $2 11. Nc6
Qc7 12. Nxe7 Kxe7 13. h4 $16 {1-0 Pena Gomez,M-Devesa Raris,V/Santiago de
Compostela 2002/CBM 86 ext (16)}) 10... Bd7 $6 11. h4 Nc6 12. g5 hxg5 13. hxg5
Nh5 14. O-O-O Ne5 15. f4 $36 {1-0 Cheikh Mhamed,K-Amer,M/Doha QAT 2002/The
Week in Chess 385 (31)}) 10. Nce2 e5 $6 (10... d5 $5) 11. Nf5 $1 $14 Bxf5 12.
exf5 d5 13. g5 Nh5 14. Rg1 Nc6 15. Bh3 (15. f4 $5) 15... d4 16. Bf2 h6 $6 17.
f6 $1 $36 {[%mdl 32] Eine typische Strategie: Weiß versucht, mehr weißfeldrige
Schwächen mit f6 nebst g6 zu erzeugen, damit sein Läufer h3, der keinen
Gegenpart hat, möglichst mächtig wird.} Bf8 (17... gxf6 18. g6 Bf8 19. Bf5 Ng7
20. Be4 Rc8 21. Qd3 $36) 18. fxg7 Nxg7 (18... Bxg7 19. g6 Qf6 20. Qd3 $36) 19.
gxh6 (19. g6 $5 {kam auch in Betracht, um die h-Linie geschlossen zu halten, z.
B.} fxg6 (19... f5 20. f4 Bc5 21. fxe5 Nxe5 22. Bg2 Rc8 23. Nxd4 $36) 20. Rxg6
Ne7 21. Rg1 Nef5 22. f4 $36) 19... Nh5 20. Qd3 Bxh6 $2 (20... Rxh6 $142 $14)
21. Qe4 Qd6 22. Nxd4 $1 {[%mdl 64] Eine schöne Kombination, die Elisabeth
Pähtz klar in Vorteil bringt. Leider zieht sie am Ende ein Dauerschach
weiteren Verwicklungen vor (war ihre Zeit zu knapp geworden?).} Nxd4 (22...
Bd2+ 23. Kf1 $5 (23. Kxd2 $6 Rd8 24. Rae1 Nf6 25. Qf5 Nxd4 26. Bxd4 Rh5 27.
Rxe5+ Qxe5 28. Qxe5+ Rxe5 29. c3 $13) 23... Nf6 24. Qxc6+ Qxc6 25. Nxc6 Rxh3
26. Nxe5 $16) 23. Qxa8+ Ke7 24. Qa7+ (24. Qxh8 $2 Nxf3+ 25. Ke2 (25. Kf1 Nd2+
26. Ke1 $11 (26. Kg2 $4 Qd5#) (26. Ke2 $2 Nf4+ 27. Ke1 Nf3+ 28. Kf1 Nxh2+ 29.
Ke1 Ng2+ 30. Bxg2 Qd2#)) 25... Nf4+ 26. Kxf3 e4+ 27. Kxe4 (27. Kg3 Ng6+ 28. Kg2
Nxh8 29. Rad1 $13) (27. Ke3 Nxh3+ 28. Kxe4 f5+ 29. Kf3 Qf4+ 30. Kg2 Qg4+ 31.
Kf1 Qc4+ 32. Ke1 Qe4+ $11) (27. Kg4 $4 Qe6+ 28. Kg3 Qxh3#) 27... Qd5+ 28. Ke3
Ng2+ 29. Ke2 Qc4+ 30. Kf3 Qd5+ $11) 24... Kf8 25. Qa8+ (25. Kf1 Nf6 26. Rd1 Be3
27. Bxe3 Rxh3 28. Bxd4 exd4 29. Rxd4 Rxf3+ 30. Ke2 $18) 25... Ke7 26. Qa7+ Kf8
27. Qa8+ 1/2-1/2